|
|
|
|
| LEADER |
01703cas a2200277 a 4500 |
| 001 |
AALejournalIMF022413 |
| 008 |
230101c9999 xx r poo 0 0eng d |
| 020 |
|
|
|c 5.00 USD
|
| 020 |
|
|
|z 9798400201011
|
| 022 |
|
|
|a 1934-7685
|
| 040 |
|
|
|a BD-DhAAL
|c BD-DhAAL
|
| 110 |
2 |
|
|a International Monetary Fund.
|b European Dept.
|
| 245 |
1 |
0 |
|a Finland :
|b 2021 Article IV Consultation-Press Release; Staff Report; and Statement by the Executive Director for Finland.
|
| 264 |
|
1 |
|a Washington, D.C. :
|b International Monetary Fund,
|c 2022.
|
| 300 |
|
|
|a 1 online resource (75 pages)
|
| 490 |
1 |
|
|a IMF Staff Country Reports
|
| 500 |
|
|
|a <strong>Off-Campus Access:</strong> No User ID or Password Required
|
| 500 |
|
|
|a <strong>On-Campus Access:</strong> No User ID or Password Required
|
| 506 |
|
|
|a Electronic access restricted to authorized BRAC University faculty, staff and students
|
| 520 |
3 |
|
|a With strong policy support, Finland suffered a relatively mild economic contraction in 2020 followed by a swift recovery in 2021. Medium-term growth prospects are less strong, due to adverse demographics and low productivity growth-trends that precede the pandemic. Public debt has increased due to pandemic-related support and will remain on a rising trajectory in the medium term, largely reflecting permanent spending increases.
|
| 538 |
|
|
|a Mode of access: Internet
|
| 650 |
|
7 |
|a International Agreements and Observance
|2 imf
|
| 650 |
|
7 |
|a International Organizations
|2 imf
|
| 650 |
|
7 |
|a Monetary Policy
|2 imf
|
| 830 |
|
0 |
|a IMF Staff Country Reports; Country Report ;
|v No. 2022/025
|
| 856 |
4 |
0 |
|z Full text available on IMF
|u http://elibrary.imf.org/view/journals/002/2022/025/002.2022.issue-025-en.xml
|z IMF e-Library
|